BIBLIOTECA

SENCICO

Plan nacional de investigación científica y desarrollo tecnológico : (Registro nro. 80)

Detalles MARC
000 -LEADER
fixed length control field 01255nam a2200277Ia 4500
003 - CONTROL NUMBER IDENTIFIER
control field PE SENCICO BE
005 - DATE AND TIME OF LATEST TRANSACTION
control field 20251020182425.0
008 - FIXED-LENGTH DATA ELEMENTS--GENERAL INFORMATION
fixed length control field 200515s9999 xx 000 0 und d
020 ## - INTERNATIONAL STANDARD BOOK NUMBER
International Standard Book Number 84-369-1423-6
040 ## - CATALOGING SOURCE
Original cataloging agency PE SENCICO BE
Transcribing agency PE SENCICO BE
041 ## - LANGUAGE CODE
Language code of text/sound track or separate title spa
082 ## - DEWEY DECIMAL CLASSIFICATION NUMBER
Classification number 607
Item number C6
110 1# - MAIN ENTRY--CORPORATE NAME
Corporate name or jurisdiction name as entry element Comisión Interministerial de Ciencia y Tecnología
9 (RLIN) 2175
245 10 - TITLE STATEMENT
Title Plan nacional de investigación científica y desarrollo tecnológico :
Remainder of title 1988-1991 /
Statement of responsibility, etc. Comisión Interministerial de Ciencia y Tecnología
260 ## - PUBLICATION, DISTRIBUTION, ETC.
Place of publication, distribution, etc. Madrid :
Name of publisher, distributor, etc. Ministerio de Educación y Ciencia ;
Date of publication, distribution, etc. 1988
300 ## - PHYSICAL DESCRIPTION
Extent 250 p. :
Other physical details tbl., graf. ;
Dimensions 24 cm.
505 0# - FORMATTED CONTENTS NOTE
Formatted contents note Primera parte: El sistema ciencia-tecnología y su relación con el entorno socio-económico - Segunda parte: El Plan Nacional de Investigación Científica y Desarrollo Tecnológico
520 ## - SUMMARY, ETC.
Summary, etc. Documento que debela el Plan Nacional de Investigación de España para los años 1988-1991
650 10 - SUBJECT ADDED ENTRY--TOPICAL TERM
Topical term or geographic name entry element Desarrollo científico y tecnológico
9 (RLIN) 2176
650 20 - SUBJECT ADDED ENTRY--TOPICAL TERM
Topical term or geographic name entry element Tecnología
9 (RLIN) 840
650 20 - SUBJECT ADDED ENTRY--TOPICAL TERM
Topical term or geographic name entry element Investigación científica
9 (RLIN) 261
650 20 - SUBJECT ADDED ENTRY--TOPICAL TERM
Topical term or geographic name entry element Proyectos de desarrollo económico
9 (RLIN) 504
651 10 - SUBJECT ADDED ENTRY--GEOGRAPHIC NAME
9 (RLIN) 1025
Geographic name España
710 1# - ADDED ENTRY--CORPORATE NAME
9 (RLIN) 2177
Corporate name or jurisdiction name as entry element España.
Subordinate unit Ministerio de Educación y Ciencia
942 ## - ADDED ENTRY ELEMENTS (KOHA)
Koha item type Libros
Source of classification or shelving scheme Dewey Decimal Classification
Existencias
Fecha de la última vez que lo usaron Número de ingreso o de inventario Pago total Signatura topográfica completa Código de barras Precio efectivo desde Tipo de documento Estado perdido Sistema de clasificación Estado dañado No es para préstamo Retirado Ubicación permanente Ubicación actual Fecha de adquisición
15/05/2020 3285   607/C6 BibLima24050010 15/05/2020 Libros   Dewey Decimal Classification       Biblioteca Central Lima Biblioteca Central Lima 15/05/2020